000 00484nam a2200157 i 4500
001 26357
003 ES-MaACL
005 20230906153429.0
007 t|
008 030109s1957 sp ||||1| spa d
100 1 _aArtigas Rosell, Claudio.
_923474
245 1 0 _aExplotación lucrativa de patos y gansos /
_cClaudio Artigas Rosell.
260 _aBarcelona :
_bSintes,
_c[1957] (
_fFernando Soler Queralt)
300 _a355 p. :
_bil. ;
_c18 cm.
852 _aES-MaACL
_jC-13474
_bR.40862
999 _c26357
_d26357